[Event "Serbia Championship"]
[Site "Kragujevac"]
[Date "2009.04.11"]
[Round "9"]
[White "Bogosavljevic, Boban"]
[Black "Vuckovic, Bojan"]
[Result "1/2-1/2"]
[WhiteElo "2526"]
[BlackElo "2572"]
[PlyCount "38"]
[EventDate "2009.??.??"]
[Source "Perpetual Check"]

1. Nf3 c5 2. c4 Nf6 3. Nc3 e6 4. g3 b6 5. Bg2 Bb7 6. O-O Be7 7. Re1 d6 8. e4
Nbd7 9. d4 cxd4 10. Nxd4 Qc7 11. Be3 Rc8 12. Rc1 Qb8 13. b3 O-O 14. f4 a6 15.
Qe2 Qa8 16. Bf2 Rfe8 17. g4 g6 18. g5 Nh5 19. Qg4 Bf8 1/2-1/2

[Event "Serbia Championship"]
[Site "Kragujevac"]
[Date "2009.04.11"]
[Round "9"]
[White "Damljanovic, Branko"]
[Black "Pikula, Dejan"]
[Result "0-1"]
[WhiteElo "2573"]
[BlackElo "2568"]
[PlyCount "104"]
[EventDate "2009.??.??"]
[Source "Perpetual Check"]

1. c4 Nf6 2. Nc3 c5 3. g3 e6 4. Bg2 d5 5. b3 d4 6. Na4 e5 7. d3 Be7 8. Nf3 Nc6
9. O-O O-O 10. e4 Ne8 11. Bd2 f5 12. exf5 Bxf5 13. Qe2 Qd6 14. Rae1 Bf6 15. a3
Nc7 16. Bc1 b6 17. Nd2 Qd7 18. Ne4 Be7 19. Bd2 Bg4 20. f3 Bf5 21. Rb1 Ne6 22.
b4 Ncd8 23. Nb2 Nf7 24. Nd1 Rae8 25. Ndf2 h6 26. bxc5 Nxc5 27. Nxc5 Bxc5 28.
Bb4 Rc8 29. Ne4 Be7 30. f4 Rce8 31. Qb2 Kh8 32. Bxe7 Rxe7 33. Qb5 Qc8 34. Qb4
Rfe8 35. Kh1 Qd7 36. Qb5 Qc8 37. Qb2 Qd7 38. Qd2 exf4 39. Qxf4 Bg6 40. Rb5 Re5
41. a4 Rxb5 42. axb5 Ne5 43. Qd2 Qe7 44. Nf2 Qa3 45. Re1 Qc3 46. Qd1 Kh7 47.
Be4 Bxe4+ 48. Nxe4 Nxd3 49. Nxc3 Rxe1+ 50. Kg2 Rxd1 51. Nxd1 Ne5 52. Nb2 Kg6
0-1

[Event "Serbia Championship"]
[Site "Kragujevac"]
[Date "2009.04.11"]
[Round "9"]
[White "Zlatic, Mihailo"]
[Black "Popovic, Aleksandar M"]
[Result "1-0"]
[WhiteElo "2463"]
[BlackElo "2325"]
[PlyCount "71"]
[EventDate "2009.??.??"]
[Source "Perpetual Check"]

1. e4 e5 2. Nf3 Nc6 3. Bc4 Bc5 4. O-O Nf6 5. d3 d6 6. c3 a6 7. Bb3 Ba7 8. Nbd2
O-O 9. h3 Kh8 10. Nc4 Ne7 11. Re1 Ng6 12. d4 b5 13. Na5 Bb6 14. dxe5 Bxa5 15.
exf6 Bb7 16. fxg7+ Kxg7 17. Qd4+ f6 18. Ng5 Bc8 19. Ne6+ Bxe6 20. Bxe6 Qe8 21.
Bd5 c6 22. Bb3 Qe5 23. Be3 c5 24. Qd2 Rfe8 25. Bh6+ Kh8 26. Bf7 Red8 27. Rad1
Bc7 28. f4 Qe7 29. Bd5 Rab8 30. Kh1 c4 31. Re3 Bb6 32. Rg3 Rd7 33. Qe2 f5 34.
Bg5 Qf8 35. exf5 Ne7 36. Qe6 1-0

[Event "Serbia Championship"]
[Site "Kragujevac"]
[Date "2009.04.11"]
[Round "9"]
[White "Perunovic, Milos"]
[Black "Antic, Dejan"]
[Result "1/2-1/2"]
[WhiteElo "2580"]
[BlackElo "2513"]
[PlyCount "96"]
[EventDate "2009.??.??"]
[Source "Perpetual Check"]

1. e4 e6 2. d4 d5 3. Nc3 Bb4 4. Bd3 c5 5. exd5 exd5 6. dxc5 Ne7 7. Nf3 Nbc6 8.
O-O Bxc5 9. a3 a6 10. Re1 O-O 11. b4 Ba7 12. Bb2 h6 13. h3 Be6 14. Ne2 Qd7 15.
Nf4 Bf5 16. c4 dxc4 17. Bxc4 Rad8 18. Qb3 b5 19. Rad1 bxc4 20. Qc3 Nd4 21. Nxd4
Bxd4 22. Rxd4 Qxd4 23. Qxd4 Rxd4 24. Bxd4 Nc6 25. Bc3 Rd8 26. g4 Bc2 27. Kg2
Na7 28. Nh5 Bg6 29. Nxg7 Nb5 30. Bf6 Rc8 31. f4 Bd3 32. a4 Nd6 33. Be5 Ne4 34.
Nf5 Kh7 35. b5 f6 36. Nd6 Nxd6 37. Bxd6 axb5 38. axb5 c3 39. b6 c2 40. Bc7 f5
41. Kf2 Re8 42. Be5 Re7 43. Ke3 Rd7 44. Kd2 Rd5 45. b7 Be4+ 46. Kc1 Rd1+ 47.
Rxd1 cxd1=Q+ 48. Kxd1 Bxb7 1/2-1/2

[Event "Serbia Championship"]
[Site "Kragujevac"]
[Date "2009.04.12"]
[Round "10"]
[White "Sedlak, Nikola"]
[Black "Antic, Dejan"]
[Result "1/2-1/2"]
[WhiteElo "2572"]
[BlackElo "2513"]
[PlyCount "25"]
[EventDate "2009.??.??"]
[Source "Perpetual Check"]

1. e4 e6 2. d4 d5 3. Nc3 dxe4 4. Nxe4 Nd7 5. Nf3 Ngf6 6. Bg5 h6 7. Bxf6 Nxf6 8.
Nxf6+ Qxf6 9. Bb5+ c6 10. Bd3 Bd6 11. Qe2 Bd7 12. O-O-O O-O-O 13. Kb1 1/2-1/2

[Event "Serbia Championship"]
[Site "Kragujevac"]
[Date "2009.04.12"]
[Round "10"]
[White "Popovic, Aleksandar M"]
[Black "Perunovic, Milos"]
[Result "1/2-1/2"]
[WhiteElo "2325"]
[BlackElo "2580"]
[PlyCount "95"]
[EventDate "2009.??.??"]
[Source "Perpetual Check"]

1. e4 c5 2. Nf3 Nc6 3. d3 g6 4. g3 Bg7 5. Bg2 d6 6. O-O e5 7. c3 Nge7 8. Na3
O-O 9. Nc2 d5 10. b4 cxb4 11. cxb4 a6 12. Bb2 d4 13. a4 Be6 14. b5 Na5 15. Nd2
Qd7 16. Ba3 axb5 17. axb5 Rfc8 18. Rb1 b6 19. Bb4 Nb7 20. Na3 Nc5 21. Ndc4 Qd8
22. f4 f6 23. Rc1 Kh8 24. h4 Ng8 25. f5 gxf5 26. exf5 Bxc4 27. Nxc4 Ra2 28. Bc6
Ne7 29. Nxb6 Rxc6 30. bxc6 Qxb6 31. Ra1 Rb2 32. Ra8+ Ng8 33. Ba3 Rb5 34. Bxc5
Rxc5 35. Qa4 Qb2 36. Rf2 Qb1+ 37. Kh2 Qxd3 38. Qa2 Qc4 39. Qxc4 Rxc4 40. Rb2 h5
41. Rbb8 Rxc6 42. Rxg8+ Kh7 43. Rgd8 Rc7 44. Kg2 Rc2+ 45. Kh3 Rc7 46. Kg2 Rc2+
47. Kh3 Rc7 48. Kg2 1/2-1/2

[Event "Serbia Championship"]
[Site "Kragujevac"]
[Date "2009.04.12"]
[Round "10"]
[White "Pikula, Dejan"]
[Black "Zlatic, Mihailo"]
[Result "0-1"]
[WhiteElo "2568"]
[BlackElo "2463"]
[PlyCount "116"]
[EventDate "2009.??.??"]
[Source "Perpetual Check"]

1. e4 c5 2. Nf3 Nc6 3. d4 cxd4 4. Nxd4 Nf6 5. Nc3 d6 6. Bg5 e6 7. Qd2 Be7 8.
O-O-O Nxd4 9. Qxd4 O-O 10. f3 a6 11. h4 b5 12. Kb1 Bb7 13. g4 Rc8 14. Bd3 Qc7
15. Qe3 b4 16. Ne2 d5 17. e5 Bc5 18. Nd4 Nd7 19. Rhe1 Nxe5 20. Bf4 Bxd4 21.
Qxd4 Nxf3 22. Bxh7+ Kh8 23. Qe3 d4 24. Qc1 e5 25. Bxe5 Nxe5 26. Bf5 Rce8 27.
Qg5 Ng6 28. Rf1 Qe7 29. Qd2 Ne5 30. Qxd4 Nf3 31. Qf4 Rd8 32. b3 Rxd1+ 33. Rxd1
a5 34. g5 Qe5 35. Qg4 g6 36. Bd3 Rd8 37. h5 Qxg5 38. Qxg5 Nxg5 39. hxg6 fxg6
40. Rg1 Rd5 41. Bxg6 Nf3 42. Rh1+ Kg8 43. Kb2 Rg5 44. Bh7+ Kf8 45. Rh6 Nd4 46.
Bd3 Bd5 47. Ra6 Bc6 48. Ra7 Ke8 49. a3 Kd8 50. axb4 axb4 51. Rh7 Rg4 52. Rh2
Bb5 53. Rd2 Kc7 54. c3 Rg3 55. cxb4 Bxd3 56. Kc3 Nb5+ 57. Kb2 Kc6 58. Rh2 Kd5
0-1

[Event "Serbia Championship"]
[Site "Kragujevac"]
[Date "2009.04.12"]
[Round "10"]
[White "Vuckovic, Bojan"]
[Black "Damljanovic, Branko"]
[Result "1-0"]
[WhiteElo "2572"]
[BlackElo "2573"]
[PlyCount "85"]
[EventDate "2009.??.??"]
[Source "Perpetual Check"]

1. e4 c5 2. Nf3 d6 3. d4 cxd4 4. Nxd4 Nf6 5. Nc3 a6 6. Be3 e5 7. Nb3 Be7 8. Qd2
Be6 9. O-O-O Nbd7 10. f4 b5 11. f5 Bc4 12. Kb1 Rb8 13. Bd3 Qc7 14. h3 b4 15.
Ne2 d5 16. g4 h6 17. Ng3 a5 18. Nc1 d4 19. Bf2 a4 20. Qe2 Bxd3 21. Nxd3 b3 22.
cxb3 axb3 23. a3 Qc4 24. Rd2 Qb5 25. Rc1 Nb6 26. Nxe5 Qxe5 27. Bxd4 Qxg3 28.
Bxb6 O-O 29. Rd3 Qe5 30. Bc7 Qxe4 31. Qxe4 Nxe4 32. Bxb8 Rxb8 33. Re1 Nc5 34.
Rde3 Bf8 35. Re8 Rb7 36. Rd8 f6 37. Ree8 Nd7 38. Re7 Nc5 39. Rxb7 Nxb7 40. Ra8
Nd6 41. a4 Kf7 42. a5 Nb5 43. Rb8 1-0

[Event "Serbia Championship"]
[Site "Kragujevac"]
[Date "2009.04.12"]
[Round "10"]
[White "Sarenac, Ivan"]
[Black "Bogosavljevic, Boban"]
[Result "0-1"]
[WhiteElo "2320"]
[BlackElo "2526"]
[PlyCount "38"]
[EventDate "2009.??.??"]
[Source "Perpetual Check"]

1. e4 c5 2. Nf3 Nc6 3. d4 cxd4 4. Nxd4 Nf6 5. Nc3 d6 6. Bg5 Bd7 7. Qd2 Rc8 8.
f4 Nxd4 9. Qxd4 Qa5 10. e5 Ng4 11. exd6 f6 12. dxe7 Bxe7 13. O-O-O Be6 14. Bb5+
Kf7 15. Bd7 Bxd7 16. Qxd7 Rxc3 17. bxc3 Qxc3 18. Rhe1 Ne3 19. Rxe3 Qxe3+ 0-1

[Event "Serbia Championship"]
[Site "Kragujevac"]
[Date "2009.04.12"]
[Round "10"]
[White "Rajkovic, Dusan"]
[Black "Miladinovic, Igor"]
[Result "0-1"]
[WhiteElo "2486"]
[BlackElo "2571"]
[PlyCount "78"]
[EventDate "2009.??.??"]
[Source "Perpetual Check"]

1. d4 d5 2. c4 e6 3. Nc3 Nf6 4. Bg5 Be7 5. e3 a6 6. cxd5 exd5 7. Bd3 c6 8. Qc2
Nbd7 9. Nf3 O-O 10. h3 Re8 11. O-O-O Nf8 12. g4 Be6 13. Kb1 Rc8 14. Rhg1 b5 15.
Ne2 Ne4 16. Bxe7 Qxe7 17. Nf4 c5 18. dxc5 Rxc5 19. Qe2 Ng6 20. Nh5 Rec8 21. Nd4
Ne5 22. Nf4 Nc4 23. f3 Ned6 24. h4 a5 25. h5 a4 26. a3 Rb8 27. Nc2 Nxb2 28.
Kxb2 b4 29. Nxb4 Qf6+ 30. Ka2 Rc3 31. Nxe6 Qxe6 32. Bf5 Qe5 33. Rd3 Nc4 34. Rb1
g6 35. Nc6 Rbb3 36. Rb2 Qd6 37. Rxb3 axb3+ 38. Kb1 Nxa3+ 39. Kb2 Rc2+ 0-1

[Event "Serbia Championship"]
[Site "Kragujevac"]
[Date "2009.04.13"]
[Round "11"]
[White "Ivanisevic, Ivan"]
[Black "Sedlak, Nikola"]
[Result "1-0"]
[WhiteElo "2625"]
[BlackElo "2572"]
[PlyCount "57"]
[EventDate "2009.??.??"]
[Source "Perpetual Check"]

1. d4 Nf6 2. c4 g6 3. Nc3 d5 4. Bf4 Bg7 5. e3 O-O 6. Nf3 c5 7. dxc5 Qa5 8. Rc1
dxc4 9. Bxc4 Nc6 10. O-O Qxc5 11. Bb3 Qa5 12. h3 Bf5 13. Ng5 Qa6 14. e4 e5 15.
Be3 Rad8 16. Bxf7+ Kh8 17. Qb3 Na5 18. Qa3 Bd7 19. b4 Nc6 20. Qxa6 bxa6 21. Bc4
Nd4 22. Nf7+ Rxf7 23. Bxf7 Bf8 24. f4 Bxb4 25. fxe5 Bxc3 26. Rxc3 Ne2+ 27. Kh2
Nxc3 28. exf6 Bb5 29. Bh6 1-0

[Event "Serbia Championship"]
[Site "Kragujevac"]
[Date "2009.04.13"]
[Round "11"]
[White "Miladinovic, Igor"]
[Black "Drazic, Sinisa"]
[Result "1/2-1/2"]
[WhiteElo "2571"]
[BlackElo "2533"]
[PlyCount "373"]
[EventDate "2009.??.??"]
[Source "Perpetual Check"]

1. d4 c6 2. e4 d5 3. f3 e6 4. Nc3 Nf6 5. e5 Nfd7 6. f4 c5 7. Nf3 Nc6 8. Be3 a6
9. Qd2 b5 10. Qf2 Qa5 11. a4 Be7 12. Be2 O-O 13. O-O b4 14. Nb1 f6 15. c3 Rb8
16. Qg3 bxc3 17. bxc3 f5 18. Rc1 Rb2 19. Nbd2 Nb6 20. Qe1 Bd7 21. Bd1 cxd4 22.
Nxd4 Nxd4 23. Bxd4 Nc4 24. Nxc4 dxc4 25. Bf3 Qc7 26. Rcb1 Rfb8 27. Rxb2 Rxb2
28. Qc1 Qb8 29. a5 Qb5 30. h3 Kf7 31. Kh2 g6 32. Bb6 Qb3 33. Qe3 Rc2 34. Rc1
Rxc1 35. Qxc1 Qb5 36. Qd2 Ke8 37. Be2 Bc6 38. Qa2 Bd5 39. Bd1 Bc6 40. Be2 Bd5
41. Bd1 Qd7 42. Be2 Qc6 43. Bd1 Qd7 44. Be2 Qc6 45. Bd1 Kf7 46. Ba4 Qc8 47. Bd1
h5 48. Ba4 Qb7 49. Bd1 Qa8 50. Ba4 Qc8 51. Bd1 h4 52. Be2 Qc6 53. Bd1 Be4 54.
Be2 Bd5 55. Bd1 Qd7 56. Ba4 Qb7 57. Bd1 Kf8 58. Qf2 Qc6 59. Qa2 Kf7 60. Ba4 Qb7
61. Bd1 Qa8 62. Ba4 Qc8 63. Bd1 Qe8 64. Ba4 Qg8 65. Qe2 Qh8 66. Be3 Qb8 67. Bb6
Qb7 68. Qa2 Be4 69. Bd1 Qc6 70. Be2 Bd5 71. Bd1 Qd7 72. Ba4 Bc6 73. Bxc6 Qxc6
74. Qd2 Qe4 75. Kg1 Ke8 76. Kf1 Qc6 77. Qd1 Qe4 78. Qd2 Qc6 79. Qd1 Qd7 80. Qf3
Kf7 81. Ke2 Qb5 82. Qe3 Qd5 83. Kf2 Ke8 84. Kf1 Qd1+ 85. Kf2 Qd5 86. Kf1 Kd7
87. Qe2 Kc6 88. Kg1 Qd3 89. Qa2 Qd1+ 90. Kh2 Kd5 91. Qb2 Qb3 92. Qd2+ Kc6 93.
Qd4 Qb5 94. Bd8 Bc5 95. Qd1 Qb3 96. Qf3+ Kb5 97. Qb7+ Ka4 98. Qxa6 Qxc3 99.
Qc6+ Kb4 100. Qb7+ Ka3 101. Qb1 Qd4 102. Bb6 c3 103. Bxc5+ Qxc5 104. Qa1+ Kb3
105. Qb1+ Ka3 106. Qa1+ Kb3 107. Qb1+ Ka4 108. Qa1+ Kb5 109. a6 c2 110. a7 c1=Q
111. Qxc1 Qxc1 112. a8=Q Qxf4+ 113. Kg1 Qxe5 114. Qe8+ Kc5 115. Qxg6 Kd4 116.
Qh7 Qe1+ 117. Kh2 Ke4 118. Qb7+ Kf4 119. Qc7+ Qe5 120. Qc1+ Ke4+ 121. Kh1 Qd4
122. Qc6+ Ke5 123. Qc7+ Kf6 124. Qc8 Kf7 125. Qc7+ Kg6 126. Qc8 Qd1+ 127. Kh2
Qd6+ 128. Kh1 Kg5 129. Qc1+ Kg6 130. Qe1 Qe7 131. Qe5 Qf6 132. Qb8 Kg5 133. Qb1
e5 134. Qc1+ Kg6 135. Qc7 Kg5 136. Qc1+ Kg6 137. Qc7 e4 138. Qf4 Qe7 139. Qe3
Qd6 140. Qf2 Qd1+ 141. Kh2 Qd6+ 142. Kh1 Qe7 143. Qb6+ Kh5 144. Qf2 Qe5 145.
Qe2+ Kg5 146. Qe3+ Kg6 147. Qb6+ Kh5 148. Qe3 Qg3 149. Qe2+ Kg6 150. Qa6+ Kg5
151. Qe6 Qe1+ 152. Kh2 Qg3+ 153. Kh1 Qc7 154. Qa2 Qc1+ 155. Kh2 Qf4+ 156. Kg1
Qd6 157. Qg8+ Kf4 158. Qh7 Qb6+ 159. Kh2 Qf6 160. Qc7+ Kg5 161. Qc1+ Kg6 162.
Qf4 Qe7 163. Kg1 Qg5 164. Qd6+ Qf6 165. Qf4 Qe7 166. Kf1 Qg5 167. Qd6+ Qf6 168.
Qf4 Qa1+ 169. Kf2 Qd4+ 170. Kf1 Qd3+ 171. Kf2 Qc2+ 172. Kf1 Qb1+ 173. Kf2 Qa2+
174. Kf1 Qa6+ 175. Kf2 Qb6+ 176. Kf1 Qd8 177. Kf2 Qh8 178. Kf1 Qh7 179. Kf2 Kh5
180. Kf1 Qf7 181. Kf2 Qg6 182. Kf1 Qg5 183. Qc7 Qh6 184. Ke2 Qa6+ 185. Kf2 Kg5
186. Qd8+ Qf6 187. Qg8+ 1/2-1/2

[Event "Serbia Championship"]
[Site "Kragujevac"]
[Date "2009.04.13"]
[Round "11"]
[White "Damljanovic, Branko"]
[Black "Sarenac, Ivan"]
[Result "1/2-1/2"]
[WhiteElo "2573"]
[BlackElo "2320"]
[PlyCount "132"]
[EventDate "2009.??.??"]
[Source "Perpetual Check"]

1. c4 Nf6 2. Nc3 d5 3. cxd5 Nxd5 4. g3 g6 5. Bg2 Nb6 6. h4 h5 7. d3 Bg7 8. Be3
N8d7 9. Rc1 Nf6 10. Nf3 O-O 11. O-O c6 12. Bd4 Bg4 13. e3 Nbd7 14. Ne2 Qc7 15.
b4 e5 16. Ba1 Qd6 17. d4 exd4 18. Qxd4 Qxd4 19. Nexd4 Nd5 20. a3 N7b6 21. Nb3
Bxa1 22. Rxa1 Rad8 23. Nc5 Bc8 24. Rfc1 Nd7 25. Nb3 Rfe8 26. Ra2 Kf8 27. Na5
N5b6 28. Nd4 a6 29. Bh3 f5 30. Bg2 Ne5 31. Rac2 Kf7 32. Rd1 Re7 33. Rcc1 Rd6
34. Bf1 Be6 35. Be2 Kf6 36. f3 Nd5 37. Kf2 Bc8 38. Rd2 Nxe3 39. Ndb3 Rxd2 40.
Nxd2 Nd5 41. f4 Nf7 42. Bf3 Be6 43. Ndb3 Nb6 44. Nc5 Nd6 45. Ncxb7 Nxb7 46.
Rxc6 Nxa5 47. Rxb6 Nc4 48. Rxa6 Rd7 49. b5 Rd2+ 50. Ke1 Rd3 51. Be2 Rxa3 52.
Rxe6+ Kxe6 53. Bxc4+ Kd6 54. Kf2 Ra7 55. Ke3 Kc5 56. Be2 Re7+ 57. Kf2 Re6 58.
Bf1 Re4 59. Bg2 Rb4 60. Bc6 Rb2+ 61. Ke3 Rb3+ 62. Kf2 Rb2+ 63. Ke3 Rb3+ 64. Kf2
Rxb5 65. Bxb5 Kxb5 66. Ke3 Kc4 1/2-1/2

[Event "Serbia Championship"]
[Site "Kragujevac"]
[Date "2009.04.13"]
[Round "11"]
[White "Zlatic, Mihailo"]
[Black "Vuckovic, Bojan"]
[Result "1/2-1/2"]
[WhiteElo "2463"]
[BlackElo "2572"]
[PlyCount "155"]
[EventDate "2009.??.??"]
[Source "Perpetual Check"]

1. c4 Nf6 2. Nf3 c6 3. d4 d5 4. cxd5 cxd5 5. Nc3 Nc6 6. Bf4 a6 7. e3 Bg4 8. Be2
e6 9. O-O Be7 10. h3 Bxf3 11. Bxf3 O-O 12. Rc1 Rc8 13. Na4 Nd7 14. Nc3 Qb6 15.
Qe2 Qa7 16. Rfd1 Rfd8 17. g4 Nf8 18. Na4 b5 19. Nc3 Qb6 20. Bg3 Bd6 21. Bxd6
Rxd6 22. a4 b4 23. Nb1 Rd7 24. Nd2 Rdc7 25. Nb3 Nd7 26. Qd3 Na5 27. Rxc7 Rxc7
28. Nxa5 Qxa5 29. Qb3 Nb6 30. Be2 g6 31. Ra1 Nc8 32. Qd1 Rc6 33. Rc1 Qc7 34.
Rxc6 Qxc6 35. a5 Nd6 36. Kg2 Nc4 37. Qb3 Qb7 38. Qa4 Nxb2 39. Qe8+ Kg7 40. Qd8
Nc4 41. g5 Qc6 42. h4 Qd6 43. Qxd6 Nxd6 44. Bxa6 Nc4 45. Bxc4 dxc4 46. a6 b3
47. a7 b2 48. a8=Q b1=Q 49. Qd8 Qf5 50. Kg3 e5 51. dxe5 Qxe5+ 52. Kf3 c3 53.
Ke2 Qb5+ 54. Qd3 Qb2+ 55. Kd1 Qb3+ 56. Kc1 h5 57. f4 Kg8 58. Qd8+ Kh7 59. Qd3
Qb2+ 60. Kd1 Qf2 61. Qxc3 Qxh4 62. Qf6 Qh1+ 63. Ke2 Qg2+ 64. Ke1 Qd5 65. Kf2 h4
66. e4 Qd2+ 67. Kf3 Qd3+ 68. Kf2 Kg8 69. f5 Qxe4 70. fxg6 fxg6 71. Qd8+ Kf7 72.
Qd7+ Qe7 73. Qxe7+ Kxe7 74. Kf3 Ke6 75. Kg4 Ke5 76. Kxh4 Kf5 77. Kh3 Kxg5 78.
Kg3 1/2-1/2

[Event "Serbia Championship"]
[Site "Kragujevac"]
[Date "2009.04.13"]
[Round "11"]
[White "Antic, Dejan"]
[Black "Popovic, Aleksandar M"]
[Result "1-0"]
[WhiteElo "2513"]
[BlackElo "2325"]
[PlyCount "85"]
[EventDate "2009.??.??"]
[Source "Perpetual Check"]

1. d4 Nf6 2. Nf3 g6 3. c4 Bg7 4. Nc3 O-O 5. e4 d6 6. Be2 e5 7. O-O Nc6 8. d5
Ne7 9. b4 Ne8 10. c5 f5 11. Nd2 a5 12. bxa5 dxc5 13. Nb3 b6 14. axb6 cxb6 15.
f3 f4 16. a4 Nd6 17. Nb5 Kh8 18. Bb2 g5 19. Nd2 Ng6 20. Nxd6 Qxd6 21. Bc3 h5
22. Rb1 Qd8 23. Nc4 Ra6 24. a5 bxa5 25. Rb8 Qc7 26. Rb5 Qd8 27. Bxa5 Qf6 28.
Rb6 Qe7 29. Bc3 g4 30. d6 Qf6 31. fxg4 Rxb6 32. Nxb6 Be6 33. Nd5 Qg5 34. Ne7
Nh4 35. Nf5 Bxf5 36. exf5 f3 37. Bd2 Qxg4 38. Bxf3 Qd4+ 39. Kh1 Nxf5 40. Bc6
Qg4 41. d7 Qh4 42. Be1 Qg5 43. h4 1-0

[Event "Serbia Championship"]
[Site "Kragujevac"]
[Date "2009.04.14"]
[Round "12"]
[White "Sedlak, Nikola"]
[Black "Popovic, Aleksandar M"]
[Result "1-0"]
[WhiteElo "2572"]
[BlackElo "2325"]
[PlyCount "69"]
[EventDate "2009.??.??"]
[Source "Perpetual Check"]

1. d4 Nf6 2. c4 g6 3. Nc3 Bg7 4. e4 d6 5. Nf3 O-O 6. Be2 e5 7. O-O Nc6 8. d5
Ne7 9. Kh1 a5 10. Ne1 Nd7 11. Nd3 h6 12. g4 c6 13. Be3 f5 14. f3 Nf6 15. gxf5
gxf5 16. Rg1 Kh7 17. dxc6 bxc6 18. c5 Nh5 19. f4 fxe4 20. Bxh5 exd3 21. Qxd3+
Bf5 22. Qe2 dxc5 23. Bxc5 Rg8 24. fxe5 Nd5 25. Bf7 Nxc3 26. bxc3 Re8 27. Qg2
Qg5 28. Qf3 Rxe5 29. Rxg5 hxg5 30. Qh5+ Bh6 31. Bd4 Re7 32. Rf1 Be4+ 33. Kg1
Rb8 34. Bb3 Bg6 35. Bc2 1-0

[Event "Serbia Championship"]
[Site "Kragujevac"]
[Date "2009.04.14"]
[Round "12"]
[White "Pikula, Dejan"]
[Black "Antic, Dejan"]
[Result "1-0"]
[WhiteElo "2568"]
[BlackElo "2513"]
[PlyCount "101"]
[EventDate "2009.??.??"]
[Source "Perpetual Check"]

1. e4 e6 2. d4 d5 3. Nc3 dxe4 4. Nxe4 Nd7 5. Nf3 Ngf6 6. Nxf6+ Nxf6 7. Bg5 h6
8. Be3 Bd6 9. Bd3 Qe7 10. O-O O-O 11. c4 c5 12. Re1 Bd7 13. Qd2 Ng4 14. dxc5
Bxc5 15. Bxc5 Qxc5 16. b4 Qc7 17. h3 Nf6 18. Ne5 Rfd8 19. Re3 a5 20. Rae1 Bc6
21. b5 Be8 22. Rf3 Qe7 23. Qf4 Qc5 24. Rg3 Kf8 25. Qf3 b6 26. Re3 Rac8 27. Ng4
Nxg4 28. Rxg4 Qd6 29. Qe2 Rc5 30. Qb2 Rg5 31. Rxg5 hxg5 32. Be2 f6 33. Rd3 Qe7
34. Rxd8 Qxd8 35. c5 Qc7 36. cxb6 Qxb6 37. Qa3+ Kf7 38. Bh5+ g6 39. Be2 Bd7 40.
Qc3 Ke7 41. a4 e5 42. Bd3 Be8 43. Qc8 Bd7 44. Qc3 Be8 45. Be4 Bf7 46. Bc6 g4
47. hxg4 g5 48. Qa3+ Ke6 49. Be4 Qd6 50. Qc3 Qb4 51. Qxb4 1-0

[Event "Serbia Championship"]
[Site "Kragujevac"]
[Date "2009.04.14"]
[Round "12"]
[White "Vuckovic, Bojan"]
[Black "Perunovic, Milos"]
[Result "1/2-1/2"]
[WhiteElo "2572"]
[BlackElo "2580"]
[PlyCount "33"]
[EventDate "2009.??.??"]
[Source "Perpetual Check"]

1. e4 c5 2. Nf3 Nc6 3. d4 cxd4 4. Nxd4 Nf6 5. Nc3 d6 6. Bg5 e6 7. Qd2 Nxd4 8.
Qxd4 Be7 9. O-O-O O-O 10. f3 a6 11. h4 b5 12. Kb1 Bb7 13. Bd3 Rc8 14. g4 Nd7
15. Be2 f6 16. Be3 Ne5 17. Rhg1 1/2-1/2

[Event "Serbia Championship"]
[Site "Kragujevac"]
[Date "2009.04.14"]
[Round "12"]
[White "Sarenac, Ivan"]
[Black "Zlatic, Mihailo"]
[Result "1-0"]
[WhiteElo "2320"]
[BlackElo "2463"]
[PlyCount "121"]
[EventDate "2009.??.??"]
[Source "Perpetual Check"]

1. e4 c5 2. Nf3 Nc6 3. d4 cxd4 4. Nxd4 Nf6 5. Nc3 d6 6. Bg5 e6 7. Qd2 Be7 8.
O-O-O Nxd4 9. Qxd4 O-O 10. f4 Qa5 11. e5 dxe5 12. Qxe5 Qxe5 13. fxe5 Nd5 14.
Bxe7 Nxe7 15. Bd3 b6 16. Be4 Rb8 17. Rhe1 Bb7 18. Rd7 Bxe4 19. Rxe4 Nc6 20. Nb5
Rfd8 21. Rd6 Rdc8 22. Rc4 Nxe5 23. Rxc8+ Rxc8 24. Nxa7 Rb8 25. Nc6 Nxc6 26.
Rxc6 g5 27. a4 Kg7 28. c4 Kf6 29. Kc2 Ke5 30. Kc3 f5 31. c5 bxc5 32. Rxc5+ Ke4
33. a5 Ra8 34. b4 g4 35. Rc6 e5 36. a6 f4 37. Kd2 f3 38. gxf3+ gxf3 39. b5 Kd4
40. Rc7 e4 41. Rd7+ Kc5 42. Rxh7 Rf8 43. Ke1 e3 44. Re7 Kd4 45. Rd7+ Kc4 46.
Re7 f2+ 47. Kf1 Kd3 48. Rd7+ Ke4 49. Re7+ Kd4 50. Rd7+ Ke4 51. Re7+ Kf3 52. a7
Rg8 53. Rf7+ Ke4 54. Ke2 Rc8 55. Rc7 Rd8 56. Rc4+ Ke5 57. Rc1 Ke4 58. b6 Rd2+
59. Kf1 Ra2 60. Kg2 Ra5 61. h4 1-0

[Event "Serbia Championship"]
[Site "Kragujevac"]
[Date "2009.04.14"]
[Round "12"]
[White "Rajkovic, Dusan"]
[Black "Damljanovic, Branko"]
[Result "1-0"]
[WhiteElo "2486"]
[BlackElo "2573"]
[PlyCount "81"]
[EventDate "2009.??.??"]
[Source "Perpetual Check"]

1. d4 Nf6 2. c4 e6 3. Nf3 c5 4. d5 exd5 5. cxd5 d6 6. Nc3 g6 7. h3 a6 8. a4 Bg7
9. e4 O-O 10. Bd3 Nbd7 11. O-O Re8 12. Re1 Qe7 13. Be3 Rb8 14. Nd2 Qf8 15. a5
Ne5 16. Bf1 b5 17. axb6 Rxb6 18. Qc2 h6 19. f4 Ned7 20. Ra3 Nh7 21. Rea1 g5 22.
Bxa6 gxf4 23. Bxf4 Ne5 24. Bxc8 Rxc8 25. Rf1 Rb4 26. Nd1 Qe7 27. Ra6 Nf8 28.
Kh1 Nfg6 29. Bh2 c4 30. Nb1 Nd3 31. Bxd6 Qb7 32. Rc6 Rxc6 33. dxc6 Qxc6 34.
Bxb4 Nxb4 35. Qf2 Ne5 36. Nbc3 Nbd3 37. Qa7 Kh7 38. Nd5 Qc5 39. Qb7 h5 40. Rf5
Kh6 41. Qa6+ 1-0

[Event "Serbia Championship"]
[Site "Kragujevac"]
[Date "2009.04.14"]
[Round "12"]
[White "Drazic, Sinisa"]
[Black "Bogosavljevic, Boban"]
[Result "1-0"]
[WhiteElo "2533"]
[BlackElo "2526"]
[PlyCount "119"]
[EventDate "2009.??.??"]
[Source "Perpetual Check"]

1. e4 c5 2. c3 Nf6 3. e5 Nd5 4. Nf3 Nc6 5. Bc4 Nb6 6. Be2 d6 7. exd6 e5 8. d4
cxd4 9. cxd4 exd4 10. Nxd4 Bxd6 11. Nxc6 bxc6 12. Nc3 O-O 13. O-O Qf6 14. Bf3
Bf5 15. Re1 Rad8 16. Qb3 Qg6 17. Bxc6 Rc8 18. Bf3 Bc2 19. Qb5 Rc5 20. Qa6 Nc4
21. Qb7 h6 22. Nd5 Kh8 23. Bf4 Na5 24. Qxa7 Nc6 25. Qd7 Nd4 26. Qxd6 Nxf3+ 27.
Kh1 Nxe1 28. Qxf8+ Kh7 29. Rxe1 Rxd5 30. Qe8 Rd4 31. Bg3 h5 32. h4 Rd2 33. Kh2
Bf5 34. Re2 Rd1 35. a3 Be6 36. Qa4 Rb1 37. Qc2 Bf5 38. Qd2 Qc6 39. Re1 Rxe1 40.
Qxe1 Be4 41. f3 Bd3 42. Qe5 Bg6 43. b4 f6 44. Qc7 Qb5 45. Bd6 Be8 46. Bf8 Bd7
47. Qd6 Qf5 48. Qg3 g5 49. Qd6 Kg8 50. Bh6 Kf7 51. hxg5 Qe5+ 52. Qxe5 fxe5 53.
Kg3 Kg6 54. Kf2 Kf5 55. Ke3 h4 56. Bg7 Bc6 57. Bf6 e4 58. f4 Be8 59. Bc3 Kg4
60. Be1 1-0

[Event "Serbia Championship"]
[Site "Kragujevac"]
[Date "2009.04.15"]
[Round "13"]
[White "Miladinovic, Igor"]
[Black "Sedlak, Nikola"]
[Result "1/2-1/2"]
[WhiteElo "2571"]
[BlackElo "2572"]
[PlyCount "26"]
[EventDate "2009.??.??"]
[Source "Perpetual Check"]

1. d4 d5 2. c4 Nc6 3. cxd5 Qxd5 4. e3 e5 5. Nc3 Bb4 6. Bd2 Bxc3 7. Bxc3 exd4 8.
Ne2 Nf6 9. Nxd4 O-O 10. Qb3 Nxd4 11. Qxd5 Nc2+ 12. Kd2 Nxd5 13. Kxc2 Nxc3
1/2-1/2

[Event "Serbia Championship"]
[Site "Kragujevac"]
[Date "2009.04.15"]
[Round "13"]
[White "Bogosavljevic, Boban"]
[Black "Ivanisevic, Ivan"]
[Result "1/2-1/2"]
[WhiteElo "2526"]
[BlackElo "2625"]
[PlyCount "116"]
[EventDate "2009.??.??"]
[Source "Perpetual Check"]

1. Nf3 c5 2. c4 g6 3. g3 Bg7 4. Bg2 Nc6 5. Nc3 b6 6. O-O Bb7 7. e3 Bxc3 8. bxc3
d6 9. e4 Qc7 10. d4 h6 11. d5 Na5 12. Re1 O-O-O 13. Bf1 Ba6 14. Nd2 Nf6 15. Nb3
Nb7 16. a4 Nd7 17. f4 e6 18. Be3 Rde8 19. a5 bxa5 20. e5 dxe5 21. Nxa5 Nxa5 22.
d6 Qb6 23. Qa4 exf4 24. Reb1 Qxd6 25. Qxa5 fxe3 26. Qxa6+ Qxa6 27. Rxa6 Ne5 28.
Rxa7 Rd8 29. Bg2 e2 30. Kf2 Nc6 31. Ra8+ Kc7 32. Ra6 Rd6 33. Rbb6 Rb8 34. Rxc6+
Rxc6 35. Rxc6+ Kd7 36. Rxc5 Rb2 37. Ke1 Rc2 38. Rb5 f5 39. c5 Rxc3 40. c6+ Kd6
41. Rb2 e5 42. Rd2+ Ke6 43. Bd5+ Kf6 44. Kxe2 e4 45. Rd4 Rc2+ 46. Kf1 Rc1+ 47.
Kf2 Rc2+ 48. Kg1 Rc1+ 49. Kg2 Rc2+ 50. Kh3 e3 51. Rc4 e2 52. Rxc2 e1=Q 53. Kg2
Qb1 54. Rc4 Qd3 55. Bg8 Qe2+ 56. Kg1 Qe1+ 57. Kg2 Qd2+ 58. Kf1 Qd1+ 1/2-1/2